UM Logo

Once upon now : (Record no. 15616)

MARC details
000 -LEADER
fixed length control field 01225nam a22002657a 4500
008 - FIXED-LENGTH DATA ELEMENTS--GENERAL INFORMATION
fixed length control field 201012b ||||| |||| 00| 0 eng d
020 ## - INTERNATIONAL STANDARD BOOK NUMBER
International Standard Book Number 978-1-5011-5526-0
082 ## - DEWEY DECIMAL CLASSIFICATION NUMBER
Edition number 2016
Classification number DFic
Item number On18
100 ## - MAIN ENTRY--PERSONAL NAME
Personal name Banas, Danielle [and nine others]
9 (RLIN) 42255
245 ## - TITLE STATEMENT
Title Once upon now :
Remainder of title modern tales with a twist /
Statement of responsibility, etc. Danielle Banas [and nine others]
260 ## - PUBLICATION, DISTRIBUTION, ETC. (IMPRINT)
Place of publication, distribution, etc. New York:
Name of publisher, distributor, etc. Gallery Books,
Date of publication, distribution, etc. ©2016
300 ## - PHYSICAL DESCRIPTION
Extent 311 pages ;
Dimensions 22 cm
520 ## - SUMMARY, ETC.
Summary, etc. An exclusive collection of new modern tales with a fantastical twist, from some of the most beloved writers on Wattpad.<br/><br/>Discover this anthology of everyday stories influenced by fairytales and mythology—from ten Wattpad authors, all voted by the site’s users, featuring your favorite celebrities, all with a touch of fantasy and whimsy. If you enjoyed the collection Imagines, you’ll love Once Upon Now!
700 ## - ADDED ENTRY--PERSONAL NAME
Personal name Bender, Mikaela
9 (RLIN) 42256
700 ## - ADDED ENTRY--PERSONAL NAME
Personal name Butler, J.M.
9 (RLIN) 42257
700 ## - ADDED ENTRY--PERSONAL NAME
Personal name Goelz, Debra
9 (RLIN) 42258
700 ## - ADDED ENTRY--PERSONAL NAME
Personal name Klare, Shannon
9 (RLIN) 42259
700 ## - ADDED ENTRY--PERSONAL NAME
Personal name Kovach, R.S.
9 (RLIN) 42260
700 ## - ADDED ENTRY--PERSONAL NAME
Personal name Novak, Ali
9 (RLIN) 42261
700 ## - ADDED ENTRY--PERSONAL NAME
Personal name Oja, Tammy
9 (RLIN) 42262
700 ## - ADDED ENTRY--PERSONAL NAME
Personal name Owen, Christine
9 (RLIN) 42263
700 ## - ADDED ENTRY--PERSONAL NAME
Personal name Sprague, Jesse
9 (RLIN) 42264
365 ## - TRADE PRICE
Price amount 190.00
Currency code Php
942 ## - ADDED ENTRY ELEMENTS (KOHA)
Source of classification or shelving scheme Dewey Decimal Classification
Koha item type Fiction
Holdings
Withdrawn status Lost status Source of classification or shelving scheme Damaged status Not for loan Collection code Home library Current library Shelving location Date acquired Source of acquisition Cost, normal purchase price Total Checkouts Full call number Barcode Date last seen Date last checked out Copy number Price effective from Koha item type
    Dewey Decimal Classification     Fiction UM Digos College - LIC UM Digos College - LIC Book Cart 11/22/2019 Purchased 190.00 3 DFic On18 2016 25982 04/10/2026 03/25/2026 1 10/12/2020 Fiction